Korformitätsbewertung und Verbraucherschutz

Saved in:
Bibliographic Details
Main Author: Kristová, Ľudmila
Format: Book Chapter
Language:German
Tags: Add Tag
No Tags, Be the first to tag this record!

MARC

LEADER 00000naa$a2200000$$$4500
001 0135490
005 20240502072523.0
041 0 |a ger 
044 |a SK 
245 1 0 |a Korformitätsbewertung und Verbraucherschutz  |c Ľudmila Kristová 
100 1 |a Kristová, Ľudmila